| 000 | 00400nam a22001337a 4500 | ||
|---|---|---|---|
| 008 | 140910b xxu||||| |||| 00| 0 eng d | ||
| 022 | _a07011733 | ||
| 050 | _aKE1232.45.C36 | ||
| 245 |
_aCanadian cases on the law of torts. / _bConsolidated Index _cedited by John Irvine |
||
| 260 |
_aToronto: _bThe Carwell Co. Ltd, _c1982. |
||
| 300 |
_axxxvii,627p.: _c24cm. |
||
| 440 | _vVol1- 29 | ||
| 942 |
_2lcc _cBK |
||
| 999 |
_c4550 _d12050 |
||